Business Statistics (Record no. 11765)

MARC details
000 -LEADER
fixed length control field 00484nam a22002057a 4500
003 - CONTROL NUMBER IDENTIFIER
control field OSt
008 - FIXED-LENGTH DATA ELEMENTS--GENERAL INFORMATION
fixed length control field 230127b ||||| |||| 00| 0 eng d
020 ## - INTERNATIONAL STANDARD BOOK NUMBER
International Standard Book Number 9789332578951
082 ## - DEWEY DECIMAL CLASSIFICATION NUMBER
Classification number 658.4033 LEB
100 ## - MAIN ENTRY--PERSONAL NAME
Personal name LEVINE,David M
245 ## - TITLE STATEMENT
Title Business Statistics
250 ## - EDITION STATEMENT
Edition statement 7th Ed
260 ## - PUBLICATION, DISTRIBUTION, ETC. (IMPRINT)
Place of publication, distribution, etc UP
Name of publisher, distributor, etc Pearson
Date of publication, distribution, etc 2022
300 ## - PHYSICAL DESCRIPTION
Extent 594
650 ## - SUBJECT ADDED ENTRY--TOPICAL TERM
Topical term or geographic name as entry element Business Statistics
700 ## - ADDED ENTRY--PERSONAL NAME
Personal name SZABAT,Kathryn A
700 ## - ADDED ENTRY--PERSONAL NAME
Personal name STEPHAN,David F
700 ## - ADDED ENTRY--PERSONAL NAME
Personal name VISWANATHAN,PK
942 ## - ADDED ENTRY ELEMENTS (KOHA)
Source of classification or shelving scheme Dewey Decimal Classification
Koha item type Reference Books
Holdings
Withdrawn status Lost status Source of classification or shelving scheme Damaged status Not for loan Collection code Home library Current library Date acquired Source of acquisition Currency Cost, normal purchase price Bill Number Total Checkouts Full call number Acc. no. / Barcode Date last seen Actual Cost, discounted price Bill Date Koha item type Date last borrowed
    Dewey Decimal Classification     MBA PIET C-LIBRARY PIET C-LIBRARY 28/12/2022 International Book Centre IN Rupees 765.00 IB/IN/927   658.083 LEB 34432 27/01/2023 527.85 28/12/2022 Reference Books  
    Dewey Decimal Classification     MBA PIET C-LIBRARY PIET C-LIBRARY 11/03/2023 International Book Centre IN RUPEES 810.00 IB/IN/1279 3 658.083 LEB 34719 30/12/2023 535.00 11/03/2023 Text Books 11/12/2023

Design & Developed by: PIET Central Library
R70 Miles Stone Pattikalyana Samalkha Panipat 132102
mail ID :- [email protected], Phone No:- 0180-2569700 Ex.216